Hart of Dixie Quiz - Statistics

General Stats
  • This quiz has been taken 8 times
  • The average score is 6 of 10
Answer Stats
Hint Answer % Correct
Who does Lemon marry at the end of the series ? Lavon Hayes
100%
In which small town does the series takes place ? Bluebell
80%
How many brothers does Tansy have? Three
80%
What kind of animal is Mayor Lavon Hayes' pet ? Alligator
60%
Name one of the two co-leaders of the Belles. Annabeth/Crickett
60%
What is the last name of Brick, Lemon, and Magnolia ? Breeland
60%
Which city is Zoe come from? New York
60%
What is George’s job? Attorney
40%
What is the name of the bar where Wade works and later becomes the owner ? Rammer Jammer
40%
Who proposes marriage with a flash mob dressed as zombies ? Wanda Long
20%
No matching quizzes found
Score Distribution
Percent of People with Each Score
Percentile by Number Answered
Your Score History
You have not taken this quiz